000 00356 a2200169 4500
001 71592
020 _a8508052723
040 _cAnchieta - Colégio São Paulo
100 _aKuss, Daniéle
240 1 0 _aA Amazônia
_lpor
245 1 0 _aA Amazônia
300 _a47
362 0 _a1995
440 1 _aÁtica
650 4 _aLiteratura juvenil
942 _cBK
999 _c71592
_d71592